| 000 | 00578nam a2200181 a 4500 | ||
|---|---|---|---|
| 005 | 20250109063812.0 | ||
| 008 | 991125s1977 fr 000 0 eng u | ||
| 035 | _aUPN01000000948 | ||
| 049 | _aUNE | ||
| 050 | 4 |
_aLA1220 _bL9.3 |
|
| 100 | 1 |
_aLyons, Raymond F., _dm. 1990 _936049 |
|
| 245 | 1 | 0 |
_aAdministrative support for educational reform / _cRaymond F. Lyons. |
| 260 |
_aParís : _bUNESCO, International Institute for Educational Planning, _c1977. |
||
| 300 | _a114 p. | ||
| 650 | 4 |
_aEDUCACION - _zTAILANDIA _917283 |
|
| 650 | 4 |
_aEducación _xAdministración _9685 |
|
| 905 | _aLibro | ||
| 999 |
_c948 _d948 |
||